00560nam a2200169 a 4500008004100000100001900041245009700060260004600157300003300203500002000236504004300256650003200299650003200331003000100363005001700364040000900381 1 aDethier, V. G.10aAnimal behaviour :bits evolutionary and neurological basis /cV. G. Dethier, Eliot Stellar. aEaglewood Cliffs :bPrentica-Hall,c1961. aix, 118 p. :bill. ;c23 cm. aIncludes index. aIncludes bibliographical references.  1aAnimal behaviourxevolution aAnimal behaviourxneurology20230123134359.0 cNUST